[Event "1st league of Central Serbia"]
[Site "Vrnjacka Banja"]
[Date "2006.10.28"]
[Round "10.1"]
[White "Pavlovic, Nebojsa"]
[Black "Jovic, Stanoje"]
[Result "1/2-1/2"]
[WhiteElo "2336"]
[BlackElo "2330"]
[PlyCount "64"]
[EventDate "2006.09.09"]

1. e4 c6 2. d4 d5 3. Nc3 dxe4 4. Nxe4 Nf6 5. Nxf6+ exf6 6. Bc4 Bd6 7. Ne2 Qc7
8. Ng3 O-O 9. O-O f5 10. Qd3 Be6 11. Re1 Bxc4 12. Qxc4 Nd7 13. Nxf5 Qa5 14.
Ne7+ Kh8 15. Re3 Qh5 16. g3 Rae8 17. Nxc6 Qd1+ 18. Qf1 Qxf1+ 19. Kxf1 bxc6 20.
c4 c5 21. Rxe8 Rxe8 22. Be3 Rb8 23. Rd1 Be7 24. dxc5 Nxc5 25. Rd5 Rc8 26. b4
Ne6 27. c5 a6 28. Ke2 Kg8 29. Kd3 Kf8 30. Kc4 Ke8 31. a4 Nc7 32. Rd1 Ne6
1/2-1/2

[Event "1st league of Central Serbia"]
[Site "Vrnjacka Banja"]
[Date "2006.10.28"]
[Round "10.2"]
[White "Marjanovic, Slavoljub"]
[Black "Andonov, Bogomil"]
[Result "1/2-1/2"]
[WhiteElo "2391"]
[BlackElo "2494"]
[PlyCount "83"]
[EventDate "2006.09.09"]

1. e4 c6 2. d4 d5 3. Nd2 h6 4. e5 Bf5 5. Nb3 e6 6. Be3 Nd7 7. f4 Ne7 8. Nf3 Nc8
9. Bd3 g6 10. O-O Be7 11. Rf2 Ncb6 12. Qf1 Bxd3 13. cxd3 h5 14. a4 a6 15. Rc2
Kf8 16. g3 Kg7 17. h3 Qg8 18. Nc5 Nxc5 19. dxc5 Nd7 20. b4 Qc8 21. Rb1 Qc7 22.
Qf2 Rac8 23. Kg2 Ra8 24. Bd4 Rh7 25. Rcc1 Rhh8 26. Qe3 Rac8 27. g4 hxg4 28.
hxg4 Rcg8 29. Rh1 Qc8 30. f5 gxf5 31. gxf5 Kf8+ 32. Kf2 Ke8 33. fxe6 fxe6 34.
Rh6 Rxh6 35. Qxh6 Nf8 36. b5 axb5 37. axb5 Kd7 38. bxc6+ bxc6 39. Ra1 Qb8 40.
Ke3 Bd8 41. Qh5 Rg7 42. Rg1 1/2-1/2

[Event "1st league of Central Serbia"]
[Site "Vrnjacka Banja"]
[Date "2006.10.28"]
[Round "10.2"]
[White "Muratovic, Alija"]
[Black "Tosic, Miroslav"]
[Result "1/2-1/2"]
[WhiteElo "2445"]
[BlackElo "2442"]
[PlyCount "20"]
[EventDate "2006.09.09"]

1. e4 e5 2. Nf3 Nc6 3. Bb5 a6 4. Bxc6 dxc6 5. d4 exd4 6. Qxd4 Qxd4 7. Nxd4 Bd6
8. Be3 Ne7 9. Nd2 Ng6 10. O-O-O c5 1/2-1/2

[Event "1st league of Central Serbia"]
[Site "Vrnjacka Banja"]
[Date "2006.10.28"]
[Round "10.2"]
[White "Maksimovic, Branimir"]
[Black "Milosavljevic, Milisav"]
[Result "0-1"]
[WhiteElo "2385"]
[BlackElo "2185"]
[PlyCount "101"]
[EventDate "2006.09.09"]

1. d4 d5 2. c4 e6 3. Nc3 c5 4. e3 Nf6 5. Nf3 Nc6 6. a3 Ne4 7. Bd3 Nxc3 8. bxc3
Be7 9. cxd5 exd5 10. h3 O-O 11. O-O Be6 12. Nh2 Qd7 13. g4 f5 14. f4 c4 15. Bb1
b5 16. Ra2 a5 17. Rg2 Kh8 18. Kh1 b4 19. Rfg1 g6 20. axb4 axb4 21. cxb4 Nxb4
22. Nf3 Nc6 23. Bb2 Rab8 24. Bc3 Rb3 25. Qe1 Rfb8 26. Bc2 Ra3 27. Ne5 Nxe5 28.
dxe5 Kg8 29. Bd4 Rba8 30. Qb1 Rf8 31. Qb6 Raa8 32. Bc3 Rab8 33. Qd4 Qc6 34.
gxf5 Bxf5 35. Bxf5 Rxf5 36. e4 Bc5 37. exf5 Bxd4 38. Bxd4 c3 39. fxg6 h6 40. f5
Qc4 41. Rg4 c2 42. Be3 Qd3 43. R4g3 Qxf5 44. Bc1 Qe4+ 45. Kh2 d4 46. g7 Qxe5
47. Rf1 d3 48. Ba3 Qe2+ 49. Kg1 Qxf1+ 50. Kxf1 d2 51. Rf3 0-1

[Event "1st league of Central Serbia"]
[Site "Vrnjacka Banja"]
[Date "2006.10.28"]
[Round "10.2"]
[White "Djakovac, Enes"]
[Black "Miljkovic, Miroslav"]
[Result "1/2-1/2"]
[WhiteElo "2219"]
[BlackElo "2399"]
[PlyCount "106"]
[EventDate "2006.09.09"]

1. e4 c5 2. Nf3 Nc6 3. d4 cxd4 4. Nxd4 Nf6 5. Nc3 e5 6. Ndb5 d6 7. Bg5 a6 8.
Na3 b5 9. Nd5 Be7 10. Nxe7 Nxe7 11. Bd3 Ng6 12. O-O h6 13. Bd2 O-O 14. Qe2 Bg4
15. f3 Be6 16. Rfd1 Rc8 17. c4 b4 18. Nc2 a5 19. g3 Nd7 20. Ne3 Nc5 21. Bc2 Ne7
22. Nd5 Bxd5 23. exd5 f5 24. b3 Qb6 25. Qf2 Qb7 26. Be3 a4 27. Re1 Nd7 28. h3
Rf7 29. Kh2 a3 30. Rg1 Nf6 31. Rae1 Qd7 32. Qd2 Kh8 33. Re2 Rb8 34. Rd1 Qc7 35.
Rg1 Qd7 36. Reg2 Ng6 37. Bxh6 gxh6 38. Qxh6+ Nh7 39. Qxg6 Rg8 40. Qe6 Ng5 41.
Qxd7 Nxf3+ 42. Kh1 Rxd7 43. Bxf5 Rdg7 44. g4 Nxg1 45. Kxg1 Rf8 46. Kh2 Re7 47.
Re2 Kg7 48. Kg3 Rxf5 49. gxf5 Kf6 50. Rf2 Rg7+ 51. Kf3 Rh7 52. Kg2 Rg7+ 53. Kf3
Rh7 1/2-1/2

[Event "1st league of Central Serbia"]
[Site "Vrnjacka Banja"]
[Date "2006.10.28"]
[Round "10.2"]
[White "Perunovic, Miodrag"]
[Black "Milosavljevic, Zoran"]
[Result "1/2-1/2"]
[WhiteElo "2376"]
[BlackElo "2204"]
[PlyCount "85"]
[EventDate "2006.09.09"]

1. e4 c5 2. Nf3 Nc6 3. d4 cxd4 4. Nxd4 Qc7 5. Nc3 e6 6. Be2 a6 7. O-O Nf6 8.
Be3 Be7 9. f4 d6 10. a4 O-O 11. Kh1 Nxd4 12. Bxd4 e5 13. Be3 exf4 14. Bxf4 Be6
15. Qe1 Nd7 16. Rd1 Ne5 17. Qg3 Rad8 18. Be3 Ng6 19. Bd4 Qa5 20. Qe1 Bg5 21.
Qf2 Rc8 22. Qg3 Be7 23. Bd3 Qh5 24. Nd5 Bh4 25. Qxd6 Rfd8 26. Qb6 Bxd5 27. exd5
Qxd5 28. Bf5 Rc4 29. c3 Rd6 30. Qa7 Bf6 31. Rde1 Rd8 32. Bxf6 gxf6 33. Qe3 Qd2
34. Qb6 Rf4 35. Bxg6 hxg6 36. Qxb7 Rxa4 37. h3 Qd6 38. Re7 Rf8 39. Rc7 Rf4 40.
Ra1 Rf2 41. b4 Qg3 42. Rg1 f5 43. Rc4 1/2-1/2

[Event "1st league of Central Serbia"]
[Site "Vrnjacka Banja"]
[Date "2006.10.28"]
[Round "10.2"]
[White "Ikic, Alija"]
[Black "Miljkovic, Mihajlo"]
[Result "1/2-1/2"]
[WhiteElo "2142"]
[BlackElo "2280"]
[PlyCount "72"]
[EventDate "2006.09.09"]

1. d4 d5 2. c4 e6 3. Nc3 Nf6 4. Bg5 Nbd7 5. cxd5 exd5 6. e3 c6 7. Bd3 Be7 8.
Nf3 O-O 9. O-O Re8 10. Qc2 Nf8 11. Rab1 a5 12. a3 Bd6 13. Bf5 Bxf5 14. Qxf5 Qd7
15. Qxd7 N6xd7 16. a4 f5 17. Bf4 Bxf4 18. exf4 Ne6 19. g3 Ra6 20. Rfd1 Rb6 21.
b3 g6 22. Rd3 Kg7 23. Nd1 Nf6 24. Ne3 Nc7 25. Ne5 Re7 26. f3 Ne6 27. Rc1 Nd7
28. Kf2 Nb8 29. Nc2 Na6 30. Ne3 Rb4 31. Rcd1 Rb6 32. Rc1 Nb8 33. Nc2 Na6 34.
Ne3 Nb8 35. Nc2 Na6 36. Ne3 Nb8 1/2-1/2

[Event "1st league of Central Serbia"]
[Site "Vrnjacka Banja"]
[Date "2006.10.28"]
[Round "10.3"]
[White "Nikolic, Stanimir"]
[Black "Cabarkapa, Miomir"]
[Result "0-1"]
[WhiteElo "2291"]
[BlackElo "2214"]
[Annotator ",Boban"]
[PlyCount "36"]
[EventDate "2006.09.09"]

1. d4 Nf6 2. Nf3 g6 3. c4 Bg7 4. Nc3 d5 5. Qb3 c6 6. e3 O-O 7. Bd2 e6 8. Bd3
Nbd7 9. O-O dxc4 10. Bxc4 b5 11. Be2 a6 12. Qc2 Qe7 13. Rac1 Bb7 14. a3 c5 15.
dxc5 Qxc5 16. Rfd1 Rac8 17. Qb1 Qb6 18. h4 Rfd8 {Necitko} 0-1

[Event "1st league of Central Serbia"]
[Site "Vrnjacka Banja"]
[Date "2006.10.28"]
[Round "10.3"]
[White "Jovcic, Zoran"]
[Black "Mitrovic, Petar"]
[Result "1/2-1/2"]
[WhiteElo "2172"]
[BlackElo "2366"]
[PlyCount "32"]
[EventDate "2006.09.09"]

1. Nf3 Nf6 2. g3 g6 3. Bg2 Bg7 4. d4 O-O 5. O-O d6 6. c4 Nc6 7. Nc3 e5 8. dxe5
Nxe5 9. Nxe5 dxe5 10. Qb3 c6 11. Rd1 Qe7 12. Bg5 h6 13. Bxf6 Bxf6 14. Ne4 Bg7
15. Nd6 Qc7 16. Nxc8 Raxc8 1/2-1/2

[Event "1st league of Central Serbia"]
[Site "Vrnjacka Banja"]
[Date "2006.10.28"]
[Round "10.3"]
[White "Gajic, Branko"]
[Black "Milunovic, Toni"]
[Result "0-1"]
[WhiteElo "2171"]
[BlackElo "2292"]
[PlyCount "74"]
[EventDate "2006.09.09"]

1. e4 c5 2. Nf3 d6 3. d4 cxd4 4. Nxd4 Nf6 5. f3 e6 6. c4 Be7 7. Nc3 O-O 8. Be3
b6 9. Be2 Bb7 10. O-O a6 11. Qb3 Nbd7 12. Rfe1 Qc7 13. Rac1 Rfe8 14. Qc2 Bf8
15. Bf1 Rac8 16. Qf2 Qb8 17. Nc2 Ba8 18. Na3 d5 19. cxd5 exd5 20. Bxa6 Rc5 21.
b4 Rxc3 22. Rxc3 Bxb4 23. Rb3 Bd6 24. Bxb6 Bxh2+ 25. Kf1 Bg3 26. Qd2 Nxb6 27.
Reb1 Qd6 28. Rxb6 Qxa3 29. Qg5 Be5 30. Bb5 h6 31. Qf5 g6 32. Qh3 Rd8 33. Qxh6
dxe4 34. Bc4 Bd5 35. Bxd5 Qd3+ 36. Kg1 Qxd5 37. R6b3 e3 0-1

[Event "1st league of Central Serbia"]
[Site "Vrnjacka Banja"]
[Date "2006.10.28"]
[Round "10.3"]
[White "Tosic, Nebojsa"]
[Black "Dragasevic, Dragan"]
[Result "1-0"]
[WhiteElo "2228"]
[BlackElo "2149"]
[PlyCount "69"]
[EventDate "2006.09.09"]

1. e4 d6 2. d4 Nf6 3. Nc3 g6 4. h4 h5 5. Bc4 Bg7 6. Bg5 c6 7. Bb3 b5 8. f3 Nbd7
9. Qd2 a6 10. O-O-O Qc7 11. Nh3 c5 12. Bxf6 Nxf6 13. e5 c4 14. exf6 exf6 15.
Rde1+ Kf8 16. Nd5 Qb7 17. Nhf4 cxb3 18. axb3 Bh6 19. Nxf6 Bf5 20. d5 Rc8 21. c3
b4 22. c4 Qb6 23. g4 Kg7 24. gxf5 Kxf6 25. fxg6 Rce8 26. gxf7 Kxf7 27. Kb1 Re5
28. Re4 Rhe8 29. Qh2 Rg8 30. Qh3 Rg1+ 31. Rxg1 Qxg1+ 32. Ka2 Rxe4 33. Qf5+ Kg8
34. Qxe4 Qc1 35. Qe6+ 1-0

[Event "1st league of Central Serbia"]
[Site "Vrnjacka Banja"]
[Date "2006.10.28"]
[Round "10.3"]
[White "Jocovic, Slobodan"]
[Black "Rajkovic, Aleksandar"]
[Result "1-0"]
[WhiteElo "2252"]
[BlackElo "2148"]
[PlyCount "153"]
[EventDate "2006.09.09"]

1. d4 Nf6 2. Bg5 d6 3. c4 Nbd7 4. Nc3 h6 5. Bh4 g5 6. Bg3 Bg7 7. e4 e5 8. d5 a5
9. f3 Nc5 10. Bf2 b6 11. Nge2 Bd7 12. Nb5 Nh5 13. g4 Nf4 14. Nxf4 exf4 15. Bd4
Be5 16. Bxe5 dxe5 17. Nc3 h5 18. Be2 hxg4 19. fxg4 Qf6 20. Bf3 Kf8 21. Qe2 Kg7
22. O-O-O Rh3 23. Rd2 Qd6 24. Nd1 Rah8 25. Kb1 R8h4 26. Nc3 Qg6 27. Ka1 Qd6 28.
Qd1 Nb7 29. Qe2 Qc5 30. Nd1 Nd6 31. Rc2 a4 32. a3 Qd4 33. Ka2 Qc5 34. Rc3 Nb7
35. Qg2 Rh8 36. Nf2 R3h4 37. h3 Qd6 38. Qf1 Nc5 39. Qe2 Nb3 40. Rxb3 axb3+ 41.
Kxb3 Qc5 42. Ka2 Qe3 43. Re1 Rxh3 44. Qxe3 fxe3 45. Nxh3 Rxh3 46. Be2 Rg3 47.
b4 Bxg4 48. Bxg4 Rxg4 49. Rxe3 Rg1 50. c5 bxc5 51. bxc5 Kf6 52. a4 g4 53. Kb2
Rh1 54. a5 Rh3 55. Re1 Kg5 56. a6 Rh8 57. Ra1 Rb8+ 58. Kc3 Kf4 59. a7 Ra8 60.
d6 cxd6 61. c6 Kxe4 62. c7 g3 63. Kd2 Kd5 64. Kd3 f5 65. Ke3 Kc6 66. Rc1+ Kb7
67. c8=Q+ Rxc8 68. Rxc8 Kxa7 69. Rd8 f4+ 70. Kf3 Kb6 71. Rxd6+ Kc5 72. Rd2 Kc4
73. Ke4 Kc3 74. Rd7 Kc2 75. Kf3 g2 76. Kxg2 e4 77. Kf2 1-0

[Event "1st league of Central Serbia"]
[Site "Vrnjacka Banja"]
[Date "2006.10.28"]
[Round "10.4"]
[White "Ristic, Nenad"]
[Black "Misailovic, Nebojsa"]
[Result "1-0"]
[WhiteElo "2441"]
[BlackElo "2348"]
[PlyCount "117"]
[EventDate "2006.09.09"]

1. e4 c5 2. c3 Nf6 3. e5 Nd5 4. d4 cxd4 5. Nf3 g6 6. Qb3 Nc7 7. Bc4 Ne6 8. cxd4
Bg7 9. O-O O-O 10. Be3 d6 11. Nc3 Nc6 12. d5 Na5 13. Qb4 Nxc4 14. Qxc4 Nc7 15.
exd6 exd6 16. Bg5 Qd7 17. Rfe1 b5 18. Qb3 Re8 19. Rxe8+ Nxe8 20. Re1 Nf6 21.
Qxb5 Qxb5 22. Nxb5 Bd7 23. Bxf6 Bxf6 24. Nxd6 Bxb2 25. Re7 Rd8 26. Nxf7 Bf6 27.
Nxd8 Bxe7 28. Nc6 Bc5 29. Nfe5 Bf5 30. g4 Bc8 31. Kg2 Kf8 32. h3 Ke8 33. a4 Ba6
34. Kf3 g5 35. Ke4 Bxf2 36. d6 Bc8 37. a5 Be6 38. Nb8 Kd8 39. Nbc6+ Ke8 40. Nd3
Bg3 41. Nc5 Bd7 42. Nxd7 Kxd7 43. Kd5 Bxd6 44. Nxa7 Bg3 45. Nb5 Kc8 46. Kc6 Kb8
47. a6 Bf2 48. Nc3 Ka7 49. Kb5 Bd4 50. Ne4 h6 51. Nd6 Bg7 52. Nc8+ Kb8 53. Ne7
Kc7 54. Nf5 Bf8 55. Nd4 Kb8 56. Kb6 Bg7 57. Ne6 Be5 58. a7+ Ka8 59. Nc7+ 1-0

[Event "1st league of Central Serbia"]
[Site "Vrnjacka Banja"]
[Date "2006.10.28"]
[Round "10.4"]
[White "Radovanovic, Dusan"]
[Black "Ristic, Nebojsa"]
[Result "1/2-1/2"]
[WhiteElo "2380"]
[BlackElo "2367"]
[PlyCount "35"]
[EventDate "2006.09.09"]

1. e4 c6 2. d4 d5 3. e5 Bf5 4. c4 e6 5. Nc3 Ne7 6. a3 Nd7 7. c5 b6 8. b4 Bg6 9.
f4 bxc5 10. bxc5 Rb8 11. Qa4 Qc7 12. Nf3 Nf5 13. Be2 Bxc5 14. g4 Ne7 15. dxc5
Nxc5 16. Qd1 Qa5 17. Bd2 Nb3 18. Nb5 1/2-1/2

[Event "1st league of Central Serbia"]
[Site "Vrnjacka Banja"]
[Date "2006.10.28"]
[Round "10.4"]
[White "Djokic, Nenad"]
[Black "Pavlovic, S  Dejan"]
[Result "1-0"]
[WhiteElo "2325"]
[BlackElo "2340"]
[PlyCount "85"]
[EventDate "2006.09.09"]

1. d4 d5 2. Nf3 Nf6 3. c4 c6 4. e3 e6 5. Nc3 Nbd7 6. Qc2 h6 7. Be2 dxc4 8. Bxc4
b5 9. Be2 Bb7 10. O-O a6 11. Rd1 c5 12. dxc5 Bxc5 13. Ne5 Qb6 14. Nxd7 Nxd7 15.
a4 b4 16. a5 Qc7 17. Ne4 b3 18. Qb1 Be7 19. Bd2 f5 20. Nc3 O-O 21. Na4 Rad8 22.
Qc1 Qb8 23. Qc4 Rf6 24. Bc3 Rg6 25. g3 Qa8 26. Rxd7 Rxd7 27. Nb6 Qd8 28. Nxd7
Qxd7 29. Rd1 Qe8 30. Qc7 Bd5 31. Bxa6 Qa8 32. Bf1 Bd8 33. Qc5 Rg4 34. Ra1 Kf7
35. a6 Be7 36. Qc7 h5 37. h3 Re4 38. a7 h4 39. Qb8 hxg3 40. Qxa8 gxf2+ 41. Kxf2
Bh4+ 42. Ke2 Bxa8 43. Bg2 1-0

[Event "1st league of Central Serbia"]
[Site "Vrnjacka Banja"]
[Date "2006.10.28"]
[Round "10.4"]
[White "Civric, Zdravko"]
[Black "Stankovic, Dragan"]
[Result "1/2-1/2"]
[WhiteElo "2205"]
[BlackElo "2334"]
[PlyCount "81"]
[EventDate "2006.09.09"]

1. e4 c5 2. Nf3 e6 3. d4 cxd4 4. Nxd4 Nf6 5. Nc3 Nc6 6. Ndb5 d6 7. Bf4 e5 8.
Bg5 a6 9. Na3 b5 10. Bxf6 gxf6 11. Nd5 f5 12. c3 Bg7 13. exf5 Bxf5 14. Nc2 Be6
15. Nce3 Ne7 16. g3 Nxd5 17. Nxd5 O-O 18. Bg2 Rc8 19. O-O a5 20. Qd2 f5 21.
Rad1 Kh8 22. Rfe1 Bg8 23. a3 Rc5 24. b4 Rc8 25. Qd3 Rc4 26. a4 e4 27. Qe2 axb4
28. cxb4 Bxd5 29. Rxd5 Rxb4 30. axb5 Rb2 31. Qe3 Be5 32. Red1 Qf6 33. R1d2 Rb1+
34. Rd1 Rb2 35. R1d2 Rb1+ 36. Bf1 Rb4 37. Qa3 Rb1 38. Qa2 Ra1 39. Qc2 f4 40.
Qxe4 fxg3 41. hxg3 1/2-1/2

[Event "1st league of Central Serbia"]
[Site "Vrnjacka Banja"]
[Date "2006.10.28"]
[Round "10.4"]
[White "Cvetic, Milan"]
[Black "Vulicevic, Novica"]
[Result "0-1"]
[WhiteElo "2123"]
[BlackElo "2210"]
[PlyCount "116"]
[EventDate "2006.09.09"]

1. e4 g6 2. Nc3 Bg7 3. d4 d6 4. f4 c6 5. Bc4 b5 6. Bb3 b4 7. Nce2 Nf6 8. Ng3
O-O 9. Nf3 a5 10. e5 Nd5 11. Bc4 Nd7 12. O-O N7b6 13. Bd3 c5 14. dxc5 dxc5 15.
Be4 Ra7 16. Qe1 Qc7 17. a3 Rd8 18. axb4 cxb4 19. Be3 Nxe3 20. Qxe3 Nc4 21. Qf2
f5 22. exf6 Bxf6 23. Ne5 Rd2 24. Qf3 Nxe5 25. fxe5 Qxe5 26. Rae1 Qd4+ 27. Kh1
Ba6 28. Rg1 Rf2 29. Qg4 Qd7 30. Qd1 Qxd1 31. Rxd1 Bxb2 32. Bd5+ Kg7 33. Bb3 Bb5
34. Rd5 Be8 35. Ne4 Re2 36. Ng3 Re3 37. Rg5 Re5 38. Rg4 Bc3 39. Rf1 Re1 40.
Nh5+ Kh6 41. Rxe1 Bxe1 42. Nf4 a4 43. Bc4 g5 44. Ne6 Bd2 45. h4 Bd7 46. hxg5+
Bxg5 47. Rg3 Bxe6 48. Bxe6 Rc7 49. Rg4 Bd2 50. Rc4 Rxc4 51. Bxc4 Kg5 52. Kg1
Kf4 53. Kf2 Ke4 54. Bb5 a3 55. Bc4 Kd4 56. Bb3 Kc3 57. Ke2 Bg5 58. Kd1 Kb2 0-1

[Event "1st league of Central Serbia"]
[Site "Vrnjacka Banja"]
[Date "2006.10.28"]
[Round "10.5"]
[White "Rabrenovic, Vladan"]
[Black "Pap, Misa"]
[Result "0-1"]
[WhiteElo "2320"]
[BlackElo "2409"]
[PlyCount "74"]
[EventDate "2006.09.09"]

1. d4 Nf6 2. c4 c5 3. d5 b5 4. Nd2 b4 5. e4 d6 6. Ngf3 g6 7. a3 bxa3 8. Rxa3
Bg7 9. g3 O-O 10. Bg2 Nfd7 11. O-O Na6 12. Ne1 Nb4 13. f4 a5 14. Nef3 Ba6 15.
Re1 Nb6 16. Bf1 Bc8 17. h3 e6 18. Kh2 Re8 19. g4 Qc7 20. g5 a4 21. Kg3 Ba6 22.
Nh2 h5 23. gxh6 Bxh6 24. Ng4 Bg7 25. Ne3 exd5 26. cxd5 Bxf1 27. Rxf1 c4 28. Qg4
Nd3 29. Rxd3 cxd3 30. f5 Qc5 31. Nf3 Nc4 32. fxg6 fxg6 33. Nxc4 Qxc4 34. Ng5 d2
35. Rf7 Be5+ 36. Kh4 dxc1=Q 37. Qf3 Qe1+ 0-1

[Event "1st league of Central Serbia"]
[Site "Vrnjacka Banja"]
[Date "2006.10.28"]
[Round "10.5"]
[White "Jovanovic, Bojan"]
[Black "Colovic, Dusan"]
[Result "0-1"]
[WhiteElo "2296"]
[BlackElo "2357"]
[PlyCount "116"]
[EventDate "2006.09.09"]

1. d4 d5 2. c4 e6 3. Nc3 c6 4. cxd5 exd5 5. Qc2 Bd6 6. Nf3 Ne7 7. Bg5 f6 8. Bh4
Bf5 9. Qd2 g5 10. Bg3 h5 11. e3 h4 12. Bxd6 Qxd6 13. h3 Nd7 14. Bd3 O-O-O 15.
Qc2 Bxd3 16. Qxd3 Kb8 17. O-O-O Qe6 18. Kb1 Rhg8 19. Rc1 f5 20. Na4 Qe4 21.
Rhd1 Nc8 22. Ka1 Qxd3 23. Rxd3 Nd6 24. Rd2 Ne4 25. Rdc2 Rh8 26. Nh2 Rdg8 27. f3
Nd6 28. b3 Re8 29. Nf1 Rhg8 30. Nc3 Nf6 31. Kb2 Rg7 32. Re2 Nh5 33. Rce1 Rge7
34. Kc2 Kc7 35. Kd2 Kd7 36. Na4 b6 37. Nb2 Nf7 38. Nd3 Kd6 39. Nf2 c5 40. dxc5+
bxc5 41. Kc2 Kc6 42. Nd3 Nd6 43. Kd1 c4 44. bxc4 Nxc4 45. Nb4+ Kc5 46. Nd3+ Kd6
47. Nb2 Nf6 48. Nxc4+ dxc4 49. Rc2 Rc7 50. Ke2 Nd5 51. Rd1 Kc5 52. Rdc1 c3 53.
Kf2 Kd6 54. Rd1 Ke5 55. e4 Nb4 56. Re2 f4 57. Kg1 c2 58. Rc1 Rec8 0-1

[Event "1st league of Central Serbia"]
[Site "Vrnjacka Banja"]
[Date "2006.10.28"]
[Round "10.5"]
[White "Irizanin, Radoje"]
[Black "Skakic, Zeljko"]
[Result "1/2-1/2"]
[WhiteElo "2301"]
[BlackElo "2198"]
[PlyCount "62"]
[EventDate "2006.09.09"]

1. d4 Nf6 2. Nf3 e6 3. e3 b6 4. Bd3 Bb7 5. c3 Be7 6. Nbd2 d5 7. Ne5 O-O 8. f4
Nbd7 9. Qf3 c5 10. O-O Qc7 11. g4 Ne8 12. g5 Nd6 13. Bxh7+ Kxh7 14. Qh5+ Kg8
15. Rf3 Nxe5 16. Rh3 f6 17. fxe5 Nf5 18. exf6 Bxf6 19. gxf6 Rxf6 20. Qh7+ Kf7
21. Nf3 Rf8 22. Bd2 Ke8 23. Ne5 Ba6 24. Ng6 Qf7 25. Ne5 Qc7 26. Ng4 R6f7 27.
Qg6 Ne7 28. Qc2 Nc6 29. Qg6 Ne7 30. Qc2 Nc6 31. Qg6 Ne7 1/2-1/2

[Event "1st league of Central Serbia"]
[Site "Vrnjacka Banja"]
[Date "2006.10.28"]
[Round "10.5"]
[White "Tomanovic, Nikola"]
[Black "Mirkovic, Stevan"]
[Result "0-1"]
[WhiteElo "2219"]
[BlackElo "2214"]
[PlyCount "90"]
[EventDate "2006.09.09"]

1. e4 c6 2. d4 d5 3. Nd2 dxe4 4. Nxe4 Nd7 5. Bd3 Ngf6 6. Ng5 e6 7. N1f3 Bd6 8.
Qe2 h6 9. Nh3 Qc7 10. Bd2 g5 11. Nhg1 b6 12. O-O-O Bb7 13. Kb1 O-O-O 14. c4 c5
15. Bc3 g4 16. Ne1 cxd4 17. Bxd4 Be5 18. Be3 Nc5 19. Bc2 Rxd1+ 20. Qxd1 Nce4
21. f3 Nd6 22. b3 Nf5 23. Bc1 h5 24. Ne2 Rd8 25. Bd3 Nh4 26. f4 Bd6 27. Nc3
Bxg2 28. Nxg2 Nxg2 29. Nb5 Qb8 30. Qf1 Nxf4 31. c5 Be5 32. Nd6+ Rxd6 33. Ba6+
Kd8 34. cxd6 Qxd6 35. Qc4 N6d5 36. Bd2 Ke7 37. Kc2 Qa3 38. Rb1 Ng2 39. Qa4 Qc5+
40. Bc4 Nge3+ 41. Bxe3 Nxe3+ 42. Kd3 Qd4+ 43. Ke2 Ng2 44. Qa3+ Kf6 45. Rf1+ Bf4
0-1

[Event "1st league of Central Serbia"]
[Site "Vrnjacka Banja"]
[Date "2006.10.28"]
[Round "10.5"]
[White "Radivojevic, Miladin"]
[Black "Stankovic, Dragan"]
[Result "0-1"]
[WhiteElo "2180"]
[BlackElo "2240"]
[PlyCount "36"]
[EventDate "2006.09.09"]

1. e4 e5 2. Nf3 Nc6 3. Bb5 Nge7 4. O-O g6 5. c3 Bg7 6. d4 exd4 7. cxd4 d5 8.
exd5 Nxd5 9. Re1+ Be6 10. Bxc6+ bxc6 11. Ng5 O-O 12. Nxe6 fxe6 13. f3 Nf4 14.
g3 Qxd4+ 15. Kh1 Nd3 16. Be3 Qxe3 17. Rxe3 Nf2+ 18. Kg2 Nxd1 0-1

[Event "1st league of Central Serbia"]
[Site "Vrnjacka Banja"]
[Date "2006.10.28"]
[Round "10.6"]
[White "Dochev, Dimitar"]
[Black "Jacimovic, Dragoljub"]
[Result "1/2-1/2"]
[WhiteElo "2387"]
[BlackElo "2412"]
[PlyCount "65"]
[EventDate "2006.09.09"]

1. e4 e6 2. d4 d5 3. Nd2 Nc6 4. Ngf3 Nf6 5. e5 Nd7 6. Bd3 Nb4 7. Be2 c5 8. c3
Nc6 9. Bd3 Be7 10. O-O a5 11. Re1 Qb6 12. dxc5 Qc7 13. Nb3 Nxc5 14. Nxc5 Bxc5
15. Be3 Be7 16. Qa4 Bd7 17. Qf4 f6 18. Bd4 O-O 19. Qe3 Nxd4 20. Nxd4 fxe5 21.
Qxe5 Qxe5 22. Rxe5 Bd6 23. Ree1 e5 24. Bb5 Bg4 25. Nf3 Bxf3 26. gxf3 Rxf3 27.
Rad1 d4 28. cxd4 exd4 29. Rxd4 Bc5 30. Rd5 Bxf2+ 31. Kg2 Bxe1 32. Kxf3 b6 33.
Re5 1/2-1/2

[Event "1st league of Central Serbia"]
[Site "Vrnjacka Banja"]
[Date "2006.10.28"]
[Round "10.6"]
[White "Pavlovic, Goran"]
[Black "Trifunovic, Miroljub"]
[Result "1/2-1/2"]
[WhiteElo "2363"]
[BlackElo "2247"]
[PlyCount "47"]
[EventDate "2006.09.09"]

1. d4 d5 2. Nf3 Nf6 3. c4 e6 4. Nc3 c6 5. e3 Be7 6. Bd3 dxc4 7. Bxc4 c5 8. O-O
cxd4 9. exd4 Nc6 10. a3 O-O 11. Qd3 b6 12. Rd1 Bb7 13. Bg5 Nd5 14. Bxd5 exd5
15. Bxe7 Nxe7 16. Re1 Ng6 17. Ne5 Re8 18. Nxg6 hxg6 19. Qb5 Re7 20. Qd3 Qd7 21.
Re3 Rxe3 22. Qxe3 Re8 23. Qf4 Bc6 24. h3 1/2-1/2

[Event "1st league of Central Serbia"]
[Site "Vrnjacka Banja"]
[Date "2006.10.28"]
[Round "10.6"]
[White "Ljubisavljevic, Zivojin Z"]
[Black "Aleksic, Nenad"]
[Result "0-1"]
[WhiteElo "2290"]
[BlackElo "2392"]
[PlyCount "67"]
[EventDate "2006.09.09"]

1. d4 Nf6 2. c4 e6 3. Nf3 b6 4. g3 Bb7 5. Bg2 Be7 6. O-O O-O 7. Bg5 d6 8. Bxf6
Bxf6 9. Nc3 Nd7 10. Ne1 Bxg2 11. Nxg2 c5 12. e3 a6 13. Ne4 Be7 14. Qd3 cxd4 15.
exd4 Nf6 16. Ne3 Qd7 17. Rac1 Qb7 18. d5 e5 19. h4 Nxe4 20. Qxe4 g6 21. Qg4 f5
22. Qh3 h5 23. Nc2 a5 24. Qg2 Bf6 25. Qf3 Qd7 26. Kg2 e4 27. Qe3 Rac8 28. Qh6
Qf7 29. b4 Be5 30. bxa5 bxa5 31. c5 dxc5 32. Rb1 Rb8 33. Ne3 Rxb1 34. Rxb1 0-1

[Event "1st league of Central Serbia"]
[Site "Vrnjacka Banja"]
[Date "2006.10.28"]
[Round "10.6"]
[White "Novoselski, Zoran"]
[Black "Cvetkovic, Nemanja"]
[Result "0-1"]
[WhiteElo "2351"]
[BlackElo "2179"]
[PlyCount "92"]
[EventDate "2006.09.09"]

1. e4 c5 2. Nc3 d6 3. f4 e6 4. Nf3 Nc6 5. d4 cxd4 6. Nxd4 Nxd4 7. Qxd4 a6 8.
Be3 Qc7 9. Be2 Bd7 10. O-O Ne7 11. Rad1 Nc6 12. Qb6 Qxb6 13. Bxb6 Rc8 14. g4
Be7 15. g5 h6 16. h4 hxg5 17. hxg5 e5 18. Nd5 exf4 19. g6 fxg6 20. Nc7+ Kf8 21.
Rxf4+ Kg8 22. Bc4+ Kh7 23. Kg2 Bg5 24. Rh1+ Bh6 25. Ne6 Bxe6 26. Bxe6 Rcf8 27.
Rfh4 Rf6 28. Bd5 g5 29. Rh5 Kg6 30. R5h3 Rhf8 31. Rc3 Ne5 32. Bd4 b5 33. a4 Rf4
34. axb5 axb5 35. Ra1 Nf3 36. Rxf3 Rxf3 37. Ra6 R3f4 38. Rxd6+ Kh5 39. Bc5 Rg4+
40. Kh2 Rh4+ 41. Kg2 Rg4+ 42. Kh2 g6 43. e5 Bg7 44. Re6 Rf5 45. Bd6 Rf2+ 46.
Kh3 Rg1 0-1

[Event "1st league of Central Serbia"]
[Site "Vrnjacka Banja"]
[Date "2006.10.28"]
[Round "10.6"]
[White "Klcesko, Nebojsa"]
[Black "Lazic, Dragoljub"]
[Result "1/2-1/2"]
[WhiteElo "1793"]
[BlackElo "2325"]
[PlyCount "77"]
[EventDate "2006.09.09"]

1. d4 Nf6 2. Nf3 g6 3. c4 Bg7 4. Nc3 O-O 5. e4 d6 6. h3 e5 7. d5 a5 8. Bg5 Na6
9. Bd3 h6 10. Be3 Nh5 11. Qd2 Nc5 12. Bc2 Nf4 13. O-O-O Nxg2 14. Bxh6 Bxh6 15.
Qxh6 Qf6 16. Ng5 Qg7 17. Qxg7+ Kxg7 18. Nb5 Na6 19. Rd3 Nf4 20. Rg3 b6 21. h4
Bd7 22. Kd2 f6 23. Nf3 Rh8 24. Rgg1 Kf7 25. Nc3 Nc5 26. Ne2 Nxe2 27. Kxe2 b5
28. cxb5 Bxb5+ 29. Kd2 Bd7 30. Rb1 Bg4 31. Nh2 Bd7 32. Nf3 a4 33. Rhg1 Rab8 34.
b3 c6 35. dxc6 Bxc6 36. Ke3 Rb4 37. Rgd1 Bxe4 38. Bxe4 Rxe4+ 39. Kd2 1/2-1/2